| 000 | 00334nam a22001217a 4500 | ||
|---|---|---|---|
| 082 | _a515 AHL'C | ||
| 100 |
_aAHLFORS, LARS V _976081 |
||
| 245 | _aCOMPLEX ANALYSIS AN INTRODUCTION TO THE THEORY OF ANALYTIC FUNCTIONS OF ONE COMPLEX VARIABLE | ||
| 250 | _a2ND ED | ||
| 260 |
_aLONDON _bMACMILLAN _c1966 |
||
| 300 | _a317P | ||
| 942 | _cBK | ||
| 999 |
_c581508 _d581508 |
||